000 00936nam a2200241Ia 4500
003 IN-BaIIA
008 211028s9999 xx 000 0 eng d
020 _a3-923524-16-1
040 _cIIA Library
080 _a524.522(082.2)
_bESO
111 _aEuropean Southern Observatory Workshop on Primordial Helium
_cGermany
_d1983 Feb. 2-3
_913511
245 0 _aPrimordial helium
_bproceedings of the ESO workshop held in Garching, Germany, 2-3 Feb 1983
_cedited by P. A. Shaver, D. Kunth and K. Kjar
260 _aGermany
_bEuropean Southern Observatory
_c1983
300 _avii, 422p.
650 _aAstronomy and astrophysics thesaurus
650 _aNucleosynthesis
650 _aPrimordial fireball
_913512
700 _aKjar, K., ed.
_911437
700 _aKunth, D., ed.
_913513
700 _aShaver, P. A., ed.
_911147
710 _aEuropean Southern Observatory
_910914
942 _cBK
999 _c8010
_d8010